000 00286nam a2200109Ia 4500
008 200302s9999 xx 000 0 und d
100 _aAnique Hommels
245 _aUnbuilding Cities Obduracy in Urban Sociotechnical Change
260 _bThe Mit Press
260 _c2005
300 _a281 P.,
999 _c5739
_d5739